[Event "5. Oeffinger Schachopen 2014"]
[Site "Fellbach"]
[Date "2014.06.09"]
[Round "7.1"]
[White "Shishkin, Vadim (GM)"]
[Black "Schnepp, Gunnar (FM)"]
[Result "1-0"]
[WhiteElo "2489"]
[BlackElo "2303"]
[PlyCount "35"]
[EventDate "2014.??.??"]

1. d4 Nf6 2. c4 e6 3. Nc3 Bb4 4. Qc2 O-O 5. Nf3 d5 6. cxd5 exd5 7. Bg5 h6 8.
Bh4 Be6 9. e3 Nbd7 10. a3 Be7 11. b4 a5 12. b5 a4 13. Be2 c5 14. bxc6 bxc6 15.
O-O g5 16. Bg3 Qa5 17. Ne5 Rfc8 18. f4 {Rest unleserlich (1:0) nach 38 Zügen}
1-0

[Event "5. Oeffinger Schachopen 2014"]
[Site "Fellbach"]
[Date "2014.06.09"]
[Round "7.3"]
[White "Vaysberg, Alexander"]
[Black "Heining, Thomas"]
[Result "0-1"]
[WhiteElo "2178"]
[BlackElo "2117"]
[PlyCount "67"]
[EventDate "2014.??.??"]

1. e4 c5 2. Nc3 Nc6 3. Bb5 Nd4 4. Bc4 e6 5. Nge2 Nxe2 6. Qxe2 d6 7. d3 Nf6 8.
O-O Be7 9. f4 O-O 10. Bb3 d5 11. e5 Ne8 12. f5 exf5 13. Nxd5 Nc7 14. Nxc7 Qxc7
15. e6 Bxe6 16. Bxe6 fxe6 17. Qxe6+ Kh8 18. Bf4 Qd8 19. Be5 Bf6 20. Qxf5 Qb6
21. Kh1 h6 22. Rae1 Qa5 23. h3 Qxa2 24. c4 Qa5 25. Qh5 Qb6 26. Rf5 Bxe5 27.
Rfxe5 Qxb2 28. Re6 Rf6 29. Re8+ Rxe8 30. Qxe8+ Kh7 31. Qe4+ Kh8 32. Qe8+ Kh7
33. Qe4+ Kh8 34. Qxb7 0-1

[Event "5. Oeffinger Schachopen 2014"]
[Site "Fellbach"]
[Date "2014.06.09"]
[Round "7.4"]
[White "Willems, Sebastian"]
[Black "Gabriel, Josef"]
[Result "0-1"]
[WhiteElo "2006"]
[BlackElo "2056"]
[PlyCount "68"]
[EventDate "2014.??.??"]

1. c4 e5 2. Nc3 Nf6 3. g3 Nc6 4. Bg2 Bb4 5. Nd5 Bc5 6. d3 d6 7. Nf3 Nxd5 8.
cxd5 Ne7 9. Nd2 O-O 10. a4 a6 11. Nc4 f5 12. Bd2 Ng6 13. e3 f4 14. Be4 fxg3 15.
hxg3 Qf6 16. Qh5 Kf7 17. f4 Ke7 18. O-O exf4 19. Bc3 Qf7 20. Qxh7 Bf5 21. Bxg7
Rg8 22. Bf6+ Kxf6 23. Qxf7+ Kxf7 24. Bxf5 fxe3 25. Be6+ Kg7 26. Rf7+ Kh6 27.
Kg2 Raf8 28. Rh1+ Kg5 29. Rhh7 Rxf7 30. Rxf7 e2 31. Nd2 Kh6 32. Nf3 Nh4+ 33.
Nxh4 e1=Q 34. Nf5+ Kg5 0-1

[Event "5. Oeffinger Schachopen 2014"]
[Site "Fellbach"]
[Date "2014.06.09"]
[Round "7.5"]
[White "Siegle, Florian"]
[Black "Quernheim, Daniel"]
[Result "0-1"]
[WhiteElo "2003"]
[BlackElo "2032"]
[PlyCount "119"]
[EventDate "2014.??.??"]

1. e4 Nf6 2. e5 Nd5 3. d4 d6 4. Nf3 dxe5 5. Nxe5 c6 6. Qf3 Be6 7. h4 Nd7 8. Nd3
N7f6 9. Qd1 Bg4 10. Be2 Bxe2 11. Qxe2 Qb6 12. c3 e6 13. a3 O-O-O 14. b4 Qc7 15.
Ne5 Ne8 16. c4 Nb6 17. Bb2 Na4 18. Bc1 Nb6 19. Bf4 Qe7 20. b5 Rxd4 21. Bg3 f6
22. bxc6 fxe5 23. Qxe5 Qd6 24. Qxd6 Bxd6 25. Bxd6 Nxd6 26. c5 Rc4 27. cxb7+
Kxb7 28. Nd2 Rxc5 29. Rh3 Re5+ 30. Kf1 Ne4 31. Nb3 Rf8 32. Ra2 Rd8 33. g4 Rd1+
34. Kg2 Nf6 35. g5 Nfd5 36. Rf3 Nc7 37. Rf7 Rd7 38. Rf8 Rb5 39. Rf3 e5 40. a4
Rbd5 41. a5 Nc8 42. Rc3 Nb5 43. a6+ Kb8 44. Rf3 Nd4 45. Rc3 Nxb3 46. Rxb3+ Nb6
47. Rc2 Ra5 48. Rf3 Rxa6 49. Rf8+ Kb7 50. Rh8 g6 51. Rc5 Re7 52. h5 gxh5 53.
Rxe5 Rxe5 54. Rxh7+ Kc8 55. f4 Rf5 56. g6 Rxf4 57. g7 Rg4+ 58. Kf3 Ra3+ 59. Ke2
Rg2+ 60. Kf1 0-1

[Event "5. Oeffinger Schachopen 2014"]
[Site "Fellbach"]
[Date "2014.06.09"]
[Round "7.6"]
[White "Engbrecht, Helmut"]
[Black "Pfrommer, Martin"]
[Result "1-0"]
[WhiteElo "2025"]
[BlackElo "1970"]
[PlyCount "89"]
[EventDate "2014.??.??"]

1. f4 g6 2. Nf3 Bg7 3. Nc3 d5 4. e3 Nf6 5. d4 O-O 6. Ne5 Ne4 7. Nxe4 dxe4 8.
Bc4 b6 9. c3 e6 10. Qe2 Bb7 11. h4 Qe7 12. Qg4 Bd5 13. Be2 f6 14. Nc4 b5 15.
Nd2 a6 16. h5 f5 17. Qg3 Rf6 18. a4 bxa4 19. Rxa4 Bc6 20. Ra5 gxh5 21. Rxh5 Rg6
22. Qh3 Bf8 23. g4 Bd7 24. Nc4 Nc6 25. Rc5 Qg7 26. Rxc6 Bxc6 27. Ne5 Bd7 28. g5
Bd6 29. Nxg6 hxg6 30. Rh6 a5 31. Bc4 c6 32. Ba2 Rb8 33. c4 c5 34. d5 e5 35. b3
Be8 36. Bb2 a4 37. Qh2 axb3 38. Bb1 Ra8 39. fxe5 Ra2 40. Bxa2 bxa2 41. Kf1 Bb8
42. Bc3 Bc7 43. Qc2 Bxe5 44. Bxe5 Qa7 45. Rh8+ 1-0

[Event "5. Oeffinger Schachopen 2014"]
[Site "Fellbach"]
[Date "2014.06.09"]
[Round "7.7"]
[White "Zirlik, Rudi"]
[Black "Zehring, Mathias"]
[Result "1/2-1/2"]
[WhiteElo "2008"]
[BlackElo "1890"]
[PlyCount "38"]
[EventDate "2014.??.??"]

1. d4 Nf6 2. g3 d5 3. Bg2 Bf5 4. c4 e6 5. Nc3 c6 6. Nf3 Nbd7 7. c5 Be7 8. O-O
O-O 9. Nh4 Bg4 10. f3 Bh5 11. g4 Bg6 12. Nxg6 hxg6 13. Bf4 e5 14. dxe5 Bxc5+
15. Kh1 Nh7 16. Rc1 g5 17. Bg3 Be3 18. Rc2 Bf4 19. Qd4 Qb6 1/2-1/2

[Event "5. Oeffinger Schachopen 2014"]
[Site "Fellbach"]
[Date "2014.06.09"]
[Round "7.8"]
[White "Syed, Tareq"]
[Black "Alber, Wilhelm"]
[Result "1/2-1/2"]
[WhiteElo "2041"]
[BlackElo "1885"]
[PlyCount "38"]
[EventDate "2014.??.??"]

1. d3 d5 2. g3 e5 3. Bg2 c6 4. Nf3 Bd6 5. O-O Nf6 6. Nh4 O-O 7. e4 Be6 8. Qe2
Re8 9. Kh1 Nbd7 10. b3 Qc7 11. Bb2 Rad8 12. Nc3 a6 13. Rg1 Qb8 14. Nd1 Kh8 15.
Qf1 dxe4 16. dxe4 Nc5 17. f3 Bc7 18. Bc3 Bb6 19. Qe2 Bc8 1/2-1/2